Oral oru yugam (Malayalam) (Record no. 44756)

MARC details
000 -LEADER
fixed length control field 00297nam a2200109Ia 4500
082 ## - DEWEY DECIMAL CLASSIFICATION NUMBER
Classification number 82-94=573.14
Item number SUK
100 ## - MAIN ENTRY--AUTHOR NAME
Personal name Suku Palkkulangara
245 #0 - TITLE STATEMENT
Title Oral oru yugam (Malayalam)
260 ## - PUBLICATION, DISTRIBUTION, ETC. (IMPRINT)
Place of publication Thiruvananthapuram
Name of publisher Nin Krupa books
Year of publication 2017
942 ## - ADDED ENTRY ELEMENTS (KOHA)
Koha item type Books
Holdings
Withdrawn status Lost status Damaged status Not for loan Home library Current library Date acquired Source of acquisition Full call number Accession Number Koha item type
        RRII Library RRII Library 16/12/2021 Gift 82-94=573.14 SUK G01499 Books